00329nam a2200133Ia 4500008004100000020001800041041000800059082001200067100001400079245004900093260003400142300000900176500001000185220803s9999 xx 000 0 und d a9781859465028 aeng a729 WIL aWilcock R aRenovations : An Inspirational Design Primer aLondonbRIBA Publishingc2016 a216p aARCHI